[Event "Baltic Zonal II Stage 2018"]
[Site "Palanga"]
[Date "2018.06.14"]
[Round "1"]
[White "Kovalenko, Igor"]
[Black "Stremavicius, Titas"]
[Result "1-0"]
[WhiteElo "2632"]
[BlackElo "2444"]
[Annotator "TA"]
[PlyCount "51"]
[EventDate "2018.??.??"]
[EventType "swiss"]
[EventCountry "LTU"]
[SourceTitle "playchess.com"]
[Source "ChessBase"]
[SourceQuality "1"]

{[%evp 21,51,15,18,19,26,15,11,17,72,73,72,68,154,155,159,165,195,204,242,237,234,226,195,177,803,333,414,400,401,411,389,373]} 1. e4 c5 2. Nf3 Nc6 3. Bb5 g6 4. O-O Bg7 5. Re1 Nf6 {[%cal Bg8f6,Bf6d5,Bd5c7,Bc7e6][%mdl 32]} 6. e5 Nd5 7. Nc3 Nc7 8. Bxc6 dxc6 9. Ne4 Ne6 10. d3 h6 {B31: Sicilian: 2...Nc6 3 Bb5 g6} (10... b6 11. Bd2 h6 12. a4 a5 13. h3 O-O 14. b3 Ra7 15. Qe2 f5 16. exf6 exf6 17. Rad1 f5 18. Ng3 {0-1 (36) Rozentalis,E (2523)-Kovalenko,I (2626) Tallinn 2018}) 11. Be3 b6 {LiveBook: 11 Games} 12. a4 a5 {The position is equal.} 13. Qd2 g5 $146 ({Predecessor:} 13... Ra7 14. Rad1 Rd7 15. Qc1 Qc7 16. c3 Bxe5 17. Bxh6 Rd5 18. Nxe5 Qxe5 19. Nxc5 {½-½ (57) Gonzales,R (2290)-Hernandez Onna,R (2435) Cuba 1995}) 14. h3 f5 (14... Nf8 $11) 15. exf6 $1 $16 exf6 16. d4 {[%cal Rd4c5]} f5 ({Black should try} 16... O-O $1 $14) 17. Bxg5 $1 hxg5 18. Nexg5 Rh6 {[#]} 19. Nxe6 $1 Rxe6 20. Rxe6+ Bxe6 21. Re1 Qd6 {Hoping for ...Kd7.} 22. Qg5 Bf8 $2 ({Don't go for} 22... Kf8 $2 23. Qg6 $18) (22... Qe7) 23. Ne5 (23. Qf6 $142 Kd7 {[#]} 24. Rxe6 $1 {[%mdl 512]} Qxe6 25. Ne5+ Kd6 26. Nc4+ Kd7 27. Nxb6+ Kd6 28. dxc5+ Kxc5 29. Qxe6 Kxb6 30. h4) 23... Be7 24. Qh5+ {White is winning.} Kd8 25. dxc5 Qxc5 26. Qh8+ {Precision: White = 86%, Black = 32%.} 1-0

[Event "Baltic Zonal II Stage 2018"]
[Site "Palanga"]
[Date "2018.06.14"]
[Round "1"]
[White "Neiksans, Arturs"]
[Black "Malisauskas, Vidmantas"]
[Result "1-0"]
[WhiteElo "2561"]
[BlackElo "2422"]
[Annotator "TA"]
[PlyCount "61"]
[EventDate "2018.??.??"]
[EventType "swiss"]
[EventCountry "LTU"]
[SourceTitle "playchess.com"]
[Source "ChessBase"]
[SourceQuality "1"]

{[%evp 13,61,77,70,65,153,132,129,131,144,131,140,138,189,169,155,111,99,106,133,133,133,133,143,129,130,121,399,397,389,383,370,368,688,671,1013,922,1656,1658,1610,1655,4799,881,29988,543,29983,29983,29984,29985,29988,29989]} 1. e4 e6 2. d4 d5 3. Nd2 dxe4 4. Nxe4 Bd7 5. Nf3 Bc6 6. Bd3 Nf6 7. Nxf6+ gxf6 {LiveBook: 4 Games} 8. O-O {C10: French with 3 Nc3: Unusual Black 3rd moves and 3...dxe4} Bg7 {[#]} (8... Qd6 $14) (8... Qd5 9. c4 Qh5 10. d5 exd5 11. Re1+ Kd8 12. Ng5 Qxd1 13. Nxf7+ Kc8 14. Rxd1 Rg8 15. cxd5 Be8 {1-0 (25) Akopian,V (2656)-Karatorossian,D (2405) Linares 2001}) 9. c4 $146 ({Predecessor:} 9. Bf4 f5 10. Re1 Bxd4 11. Nxd4 Qxd4 12. Bxc7 Rg8 13. Bg3 Qf6 14. f3 Nd7 15. Qd2 Nc5 {0-1 (57) McIntosh,I-Tosi,F ICCF corr 1995}) 9... Bxf3 10. Qxf3 {White is better.} ({But not} 10. gxf3 $6 f5 $11) 10... Nc6 11. d5 Ne5 12. Qg3 Kf8 (12... O-O $16) 13. Bf4 exd5 14. Bxe5 fxe5 15. cxd5 Qd6 16. Be4 h5 17. Rac1 Bf6 18. Qc3 Bd8 {[#]} 19. f4 $1 {[%mdl 512]} Qb6+ $2 {[%mdl 8192]} (19... Bf6 $16 {was worth a try.} 20. Qxc7 Qxc7 21. Rxc7 exf4 22. Rxf4 Kg7) (19... exf4 20. Qxh8+) 20. Kh1 $18 Qd4 21. Qf3 exf4 22. Qxf4 {[%csl Gf1][%cal Rf4f7]} f6 $2 (22... Qg7 23. d6 Bg5) 23. Rcd1 Qxb2 24. d6 cxd6 25. Rxd6 Be7 26. Re6 {White wants to mate with Rxe7!} Rc8 27. Bd5 (27. Re1 $142 Qc3 28. Bxb7) 27... h4 28. Qg4 (28. Rfe1 $142 Qa3 29. Rxf6+ Ke8 30. Bf7+ Kd8 31. Rd1+ Bd6 32. Rdxd6+ Ke7 33. Qe4+ Kf8 34. Be6+ Kg7 35. Qg6#) 28... h3 {[#]} 29. Rexf6+ $1 {[%mdl 512] White mates.} Bxf6 (29... Qxf6 30. Rxf6+) 30. Qxc8+ Kg7 31. Qd7+ {Precision: White = 80%, Black = 31%.} 1-0

[Event "Baltic Zonal II Stage 2018"]
[Site "Palanga"]
[Date "2018.06.14"]
[Round "1"]
[White "Rozentalis, Eduardas"]
[Black "Bernotas, Arturs"]
[Result "1-0"]
[WhiteElo "2519"]
[BlackElo "2407"]
[Annotator "TA"]
[PlyCount "81"]
[EventDate "2018.??.??"]
[EventType "swiss"]
[EventCountry "LTU"]
[SourceTitle "playchess.com"]
[Source "ChessBase"]
[SourceQuality "1"]

{[%evp 9,80,58,88,89,100,89,109,87,140,152,162,138,143,185,189,101,166,84,93,91,107,84,201,192,172,158,214,224,209,192,300,300,312,299,320,282,355,339,347,319,316,267,266,241,255,220,261,275,283,249,257,210,359,371,634,651,519,254,231,196,208,219,235,214,407,389,412,401,377,-119,355,375,29999]} 1. e4 d5 2. exd5 Nf6 3. Nf3 Bg4 4. h3 Bh5 (4... Bxf3 5. Qxf3 Qxd5 6. Be2 Qxf3 7. Bxf3 c6 8. d4 Nbd7 9. O-O O-O-O 10. Re1 e6 11. c3 c5 {1-0 (37) Wei,Y (2740)-Adhiban,B (2671) Hoogeveen 2017}) 5. c4 c6 6. g4 $146 {B01: Skandinavische Verteidigung} ({Vorgänger:} 6. Qb3 cxd5 7. d4 Bxf3 8. gxf3 Nc6 9. Be3 Qd7 10. cxd5 Nxd5 11. Nc3 e6 {0-1 (26) Hartvig,O (2172)-Hartung Nielsen,J (2197) Koge 2016}) 6... Bg6 7. g5 Nfd7 8. Nc3 {Weiß steht besser.} e5 (8... cxd5 $142 9. cxd5 Na6) 9. dxe6 $16 fxe6 10. d4 {[%cal Bd2d4,Bd4d5,Bd5d6][%mdl 32]} e5 11. Nh4 ({Viel schwächer ist} 11. Nxe5 $6 Nxe5 12. dxe5 Qxd1+ 13. Nxd1 Na6 $16) 11... Bf7 12. Be3 (12. dxe5 $1 $18 {Droht De2 und aus.} Bb4 13. f4) 12... Be7 (12... Bb4 $16) 13. Nf5 (13. Qg4 $18) 13... O-O 14. Nxe7+ Qxe7 15. d5 $36 {[%mdl 2048] Läuft bei Weiss.} Nb6 (15... Na6 $16) 16. d6 $18 Qe6 17. b3 $1 Rd8 (17... Na6 $16 18. h4 Rad8) 18. Qg4 Qe8 19. Be2 N8d7 (19... Rxd6 $142 20. c5 Nd5) 20. O-O-O a5 21. a4 Nc8 22. Rd2 b6 23. Rhd1 Be6 24. Qe4 Na7 25. Bg4 Bxg4 26. hxg4 Qg6 27. Rh1 Qxe4 28. Nxe4 c5 29. Nc3 Nc6 30. Nd5 Nd4 (30... Ra7 {ist eine bessere Verteidigung.} 31. Kb1 Re8) 31. Bxd4 exd4 $2 (31... cxd4 32. f4 exf4 33. Ne7+ (33. Nxf4 Nc5 $16) 33... Kf7 34. Rxd4 Nc5) 32. Ne7+ Kf7 {Schwarz hofft, mit ...Sf8 fortzusetzen.} 33. Rxh7 (33. Re2 $142) 33... Nf8 34. g6+ Nxg6 35. Nf5 Kf6 36. Nxg7 ({Schwächer ist} 36. Rxg7 Nh4 $14) 36... Rxd6 $2 (36... Rh8 {kämpft weiter.} 37. Nh5+ Ke6) 37. Re2 $1 Nf4 {[#]} 38. Nh5+ $1 Kg6 {[#]} 39. Rg7+ $1 Kh6 40. Ree7 Nxh5 $2 (40... Rg6 $18 41. Rxg6+ Nxg6) 41. g5# {Precision: Weiß = 74%, Schwarz = 49%.} 1-0

[Event "Baltic Zonal II Stage 2018"]
[Site "Palanga"]
[Date "2018.06.14"]
[Round "1"]
[White "Sulskis, Sarunas"]
[Black "Pultinevicius, Paulius"]
[Result "1/2-1/2"]
[WhiteElo "2506"]
[BlackElo "2395"]
[Annotator "TA"]
[PlyCount "136"]
[EventDate "2018.??.??"]
[EventType "swiss"]
[EventCountry "LTU"]
[SourceTitle "playchess.com"]
[Source "ChessBase"]
[SourceQuality "1"]

{[%evp 11,136,-1,-7,-9,-4,-54,-47,-33,-39,-73,-70,-69,-52,-62,-64,-130,0,0,0,0,0,1,43,42,58,58,63,63,65,70,67,0,0,0,0,0,0,0,31,32,28,35,37,10,10,0,0,0,0,0,0,0,26,0,0,0,0,0,0,0,0,0,0,0,0,-39,-9,-18,-20,-20,-20,-19,-12,-13,-13,-56,0,0,0,0,0,0,0,-37,0,-208,-129,-149,-162,-195,0,0,0,0,0,0,0,0,0,0,0,0,0,0,0,0,0,0,0,0,0,0,0,0,0,0,0,0,0,0,0,0,0,0,0,0,0]} 1. e4 e5 2. Nf3 Nc6 3. Nc3 Nf6 4. d4 exd4 5. Nd5 Be7 6. Bc4 O-O 7. O-O {C47: Scotch Four Knights and Four Knights with 4 g3} Nxe4 (7... d6 8. Nxd4 Nxd4 9. Qxd4 Nxd5 10. Bxd5 Bf6 11. Qd3 Qe7 12. c3 c6 13. Bb3 Be6 14. Bc2 g6 15. Bh6 Rfe8 16. f4 Rad8 17. Rae1 Bc8 18. Qf3 Bg7 19. Bg5 Bf6 20. Bh6 Bg7 21. Bg5 Bf6 22. Bh6 {½-½ (22) Chuprov,D (2520)-Frolyanov,D (2599) Taganrog 2011}) 8. Nxd4 (8. Re1 $5 {[%cal Re1e4]} Nf6 9. Nxe7+ (9. Nxd4 Nxd5 10. Bxd5 Nxd4 $15) 9... Nxe7 10. Qxd4 $11 (10. Nxd4 d5 $15)) 8... Nf6 9. Nxe7+ {Black is slightly better.} Nxe7 10. Bg5 Ng6 11. Qf3 $146 ({Predecessor:} 11. Re1 d5 12. Bd3 h6 13. Be3 c5 14. Nf3 b6 {0-1 (45) Simmelink,J (2213)-Ralls,R (2223) IECG email 2006}) 11... Ne5 12. Qc3 h6 13. Bh4 {[#]} (13. Bf4 $15 Ne4 14. Qb3 Nxc4 15. Qxc4) 13... Ng6 (13... g5 $1 $17 14. Nf5 Nxc4 15. Nxh6+ Kh7 16. Bxg5 Ne4) 14. Bxf6 $11 Qxf6 15. Nb5 $1 $36 {[%mdl 2048] Black is under pressure.} Qxc3 16. bxc3 d5 (16... a6 {is more complex.} 17. Nxc7 Ra7 18. Nd5 b5 19. Bb3 Bb7) 17. Nxc7 dxc4 18. Nxa8 Bd7 19. Nc7 Bc6 20. Rab1 a6 21. Rb6 ({White should play} 21. Rfd1 $1 $14) 21... Rc8 22. Rxc6 bxc6 23. Nxa6 {[%mdl 4096] Endgame KRN-KRN} Ra8 24. Nb4 c5 25. Nd5 Rxa2 26. Rc1 Kf8 27. f4 Ne7 28. Nb6 Ra3 29. Rd1 {[%cal Rd1d8] [#]} Kg8 (29... g6 {with more complications.} 30. Rd8+ Kg7 31. Rd7 Nf5 32. Nxc4 Ra1+) 30. Rd8+ Kh7 31. Rd7 Nf5 32. Rxf7 Ne3 33. f5 Kg8 (33... Rxc3 {is interesting.} 34. Nd7 Kg8 35. Rf8+ Kh7 36. Rf7) 34. Re7 Rxc3 35. Na4 Ra3 {Threatens to win with ...Ng4.} 36. Nxc5 Nxf5 37. Re8+ Kh7 38. Ne4 Ra1+ 39. Kf2 Ra2 40. g4 Rxc2+ 41. Kf3 Nd4+ 42. Ke3 Nb5 43. h4 (43. Re5 {seems wilder.} Nc3 44. Nxc3 Rxc3+ 45. Kd4 Rh3 46. Rh5) 43... Nc3 (43... c3 $15 44. Re5 Rb2) 44. Nxc3 Rxc3+ {KR-KR} 45. Kf4 Rc1 46. Rc8 c3 47. Kg3 c2 $2 (47... Kg6 $15 48. Kf4 c2 49. Rc6+ Kh7) 48. Kg2 $19 Kg6 49. Rc6+ Kf7 50. g5 h5 $2 (50... Ke7 $19 51. g6 Kd7) 51. Kh2 {The position is equal.} Ke7 {Hoping for ...Kd7.} 52. Kg2 Kd7 53. Rc3 Ke6 54. Rc6+ Kd5 55. Rc8 Ke4 56. Re8+ Kf4 57. Rc8 g6 58. Rc7 Kg4 59. Rc4+ Kf5 60. Rc8 Kf4 {White must now prevent ...Ke3.} 61. Rc7 Kf5 {And now ...Ke4 would win.} 62. Rc8 Ke4 {...Kd3 is the strong threat.} 63. Re8+ Kd3 64. Rd8+ Ke3 65. Re8+ $1 Kf4 {( -> ...Rd1)} 66. Rc8 Ke5 {aiming for ...Kd4.} 67. Rc7 Kf5 {Strongly threatening ...Kf4.} 68. Rc8 Ke5 {Precision: White = 69%, Black = 69%.} 1/2-1/2

[Event "Baltic Zonal II Stage 2018"]
[Site "Palanga"]
[Date "2018.06.14"]
[Round "1"]
[White "Miezis, Normunds"]
[Black "Chukavin, Kirill"]
[Result "0-1"]
[WhiteElo "2468"]
[BlackElo "2256"]
[Annotator "TA"]
[PlyCount "66"]
[EventDate "2018.??.??"]
[EventType "swiss"]
[EventCountry "LTU"]
[SourceTitle "playchess.com"]
[Source "ChessBase"]
[SourceQuality "1"]

{[%evp 16,66,-21,-21,-28,-25,-26,-29,-14,-18,-20,-26,-29,-50,-38,-67,-44,-66,-75,-77,-54,-116,-70,-69,-96,-82,-58,-75,-92,-128,-116,-115,8,-108,-25,-50,13,-147,-108,-204,-186,-259,-250,-241,-120,-230,-194,-380,-384,-676,-670,-900,-846]} 1. c4 e6 2. e4 d5 3. exd5 exd5 4. d4 Nf6 5. Nc3 Bb4 6. Bd3 O-O 7. Nge2 dxc4 8. Bxc4 Nbd7 {C01: French: Exchange Variation} 9. a3 {LiveBook: 3 Games} (9. O-O Nb6 10. Bb3 c6 11. Bg5 Be7 12. Re1 h6 13. Bh4 Nbd5 14. Nxd5 Nxd5 15. Bxe7 Nxe7 16. Nf4 {1-0 (68) Rakhmanov,A (2653)-Riazantsev,A (2650) Riadh 2017}) (9. O-O Nb6 10. Bb3 c6 11. Bg5 h6 12. Bh4 Be7 13. Re1 Nbd5 14. Nxd5 Nxd5 15. Bxe7 Nxe7 16. Rc1 {1-0 (38) Miezis,N (2492)-Chukavin,K (2146) Viljandi 2016}) 9... Bd6 10. Bg5 Nb6 {Black has an edge.} 11. Bd3 Re8 12. Qc2 h6 13. Bh4 c6 $146 ({Predecessor:} 13... Be6 14. Nb5 Bd5 15. Nxd6 Qxd6 16. f3 {½-½ (75) Miezis,N (2452)-Sveshnikov,V (2383) Liepaja 2017}) 14. O-O-O a5 $36 {[%cal Ba7a5,Ba5a4][%mdl 2080] Black has some pressure.} 15. h3 Be7 16. g4 a4 17. Rhg1 Be6 $1 {[%cal Re6b3] White must now prevent ...Bb3.} 18. g5 (18. Rde1 $15) 18... hxg5 19. Rxg5 Nfd5 $1 ({Much worse is} 19... Bxh3 $6 20. Rdg1 $16) 20. Rdg1 Bxg5+ 21. Bxg5 f6 22. Bh6 Re7 23. Ne4 Kf8 (23... Bxh3 $2 24. Kb1 $19) (23... Nd7 $17 {And now ...Qc7 would win.} 24. Nf4 Nxf4 25. Bxf4 Qb6) 24. Bd2 {[#]} (24. Qd2 $11) 24... Nc8 (24... Bxh3 $6 25. Rh1 $11) (24... Qc7 $1 $17 {Strongly threatening ...Qh2.} 25. N2g3 Nd7) 25. Nc5 Bf7 ({But not} 25... Bxh3 $2 26. Rh1 $18) ({Better is} 25... Nd6 $15 26. Nc3 Qe8 27. Nxd5 Bxd5) 26. Bg6 $2 (26. Bc4 $11 b6 27. Qh7 bxc5 28. Rxg7) 26... Qe8 ({Stronger than} 26... Rxe2 27. Bxf7 Qe7 28. Bxd5 $16) 27. Bxf7 (27. Bd3 $17 {was called for.}) 27... Qxf7 $19 28. Nf4 (28. Ng3 $142 Nd6 29. Nxa4) 28... Nxf4 29. Bxf4 g5 (29... Qd5 $19 {is more deadly. ...Kg8 is the strong threat.} 30. Bd2 Kg8) 30. Bh2 {[#]} (30. Bd2 $17) 30... Qh7 $1 31. Ne6+ $2 (31. Qd1 {keeps fighting.}) 31... Kg8 32. Qc4 $2 (32. Qxh7+ Kxh7 33. Nc5) 32... Qf7 33. Re1 Nb6 {Precision: White = 24%, Black = 52%.} 0-1

[Event "Baltic Zonal II Stage 2018"]
[Site "Palanga"]
[Date "2018.06.14"]
[Round "1"]
[White "Kanep, Meelis"]
[Black "Garanin, Aleksei"]
[Result "1-0"]
[WhiteElo "2454"]
[BlackElo "2171"]
[Annotator "TA"]
[PlyCount "59"]
[EventDate "2018.??.??"]
[EventType "swiss"]
[EventCountry "LTU"]
[SourceTitle "playchess.com"]
[Source "ChessBase"]
[SourceQuality "1"]

{[%evp 17,59,41,49,38,71,72,110,0,0,-2,16,0,16,-24,-46,-26,58,70,0,-82,39,51,147,163,201,77,186,210,276,247,435,433,549,556,801,386,595,589,620,611,589,597,552,510]} 1. d4 Nf6 2. c4 g6 3. Nc3 Bg7 4. e4 O-O 5. f3 d6 6. Be3 Nc6 7. Nge2 a6 8. Qd2 Rb8 9. Rc1 Bd7 10. h4 {[%cal Bh2h4,Bh4h5][%mdl 32] E84: King's Indian: Sämisch Panno: 7 Nge2 a6 8 Qd2 Rb8} e6 $146 ({Predecessor:} 10... h5 11. Nd1 e5 12. d5 Ne7 13. Nf2 Nh7 14. c5 f5 15. Qb4 fxe4 16. fxe4 Rf6 17. cxd6 cxd6 {1-0 (37) Kovalenko,I (2667)-Smirin,I (2676) Poikovsky 2016}) 11. h5 b5 12. Bh6 (12. Ng3 $16) 12... Bxh6 $11 13. Qxh6 Qe7 ({Don't blunder} 13... Nxh5 $2 14. g4 $16) 14. cxb5 axb5 {[%cal Ba6b5,Bb5b4][%mdl 32]} 15. g4 b4 16. Nd1 e5 ({Black should try} 16... Ra8 $1 $11) 17. d5 $36 {[%mdl 2048] White has the initiative.} Nd4 18. Qe3 (18. Nxd4 $11 {keeps the balance.} exd4 19. Rxc7 (19. hxg6 fxg6 20. Rxc7 Ne8 $11)) 18... Bxg4 (18... b3 $17 {Hoping for ...Nc2+.} 19. Nxd4 exd4 20. Qxd4 bxa2) 19. fxg4 Nxg4 (19... b3 $1 $14) 20. Qg3 $16 Qg5 21. Nxd4 (21. Rxc7 $18 {is more deadly. Strongly threatening hxg6.} Nf6 22. Qg2 (22. Qxg5 Nf3+ 23. Kf2 Nxg5 $16)) 21... exd4 (21... Qxc1 $16 22. Nc6 Nf6) 22. Rxc7 $18 Rfe8 23. Bg2 f5 $2 {[#]} (23... Rbc8 {was called for.}) 24. hxg6 h6 25. O-O fxe4 {Now ...e3 and Black clings on.} 26. Nf2 (26. Rff7 $142 {White threatens Rg7+ and mate.} Ne5 27. Rg7+ Kh8 28. Qxg5 hxg5 29. Bxe4) 26... Nf6 (26... Nxf2 {was necessary.} 27. Qxf2 Qxg6 28. Qxd4 Re5) 27. Qxg5 {White is clearly winning.} hxg5 28. Rf7 e3 29. Rxf6 exf2+ 30. R1xf2 {Precision: White = 48%, Black = 15%.} 1-0

[Event "Baltic Zonal II Stage 2018"]
[Site "Palanga"]
[Date "2018.06.14"]
[Round "1"]
[White "Seeman, Tarvo"]
[Black "Kulaots, Kaido"]
[Result "1-0"]
[WhiteElo "2425"]
[BlackElo "2574"]
[Annotator "TA"]
[PlyCount "93"]
[EventDate "2018.??.??"]
[EventType "swiss"]
[EventCountry "LTU"]
[SourceTitle "playchess.com"]
[Source "ChessBase"]
[SourceQuality "1"]

{[%evp 14,93,14,-13,12,0,32,8,25,26,41,23,29,28,45,14,2,-1,0,0,25,27,27,27,23,10,10,10,10,10,12,12,12,10,45,13,59,14,11,0,11,0,29,-22,0,0,45,40,43,39,84,106,87,67,90,77,220,209,210,191,258,169,168,189,404,196,543,512,478,476,517,498,801,782,768,657,1209,1206,1140,1086,29994,1795]} 1. Nf3 g6 2. g3 Bg7 3. Bg2 e5 4. O-O d6 5. c4 f5 6. Nc3 Nf6 7. b4 O-O 8. Bb2 {LiveBook: 4 Games. A10: English Opening: Unusual Replies for Black} Na6 $146 ({Predecessor:} 8... e4 9. Nd4 Nc6 10. Nxc6 bxc6 11. d3 Rb8 12. a3 c5 13. b5 Bb7 14. a4 Qe7 15. e3 Qf7 {½-½ (41) Meier,G (2632)-Bartel,M (2641) Dubai 2014}) 9. a3 Qe8 (9... e4 $5 {[%cal Re4f3]} 10. Nd4 Ng4 $11) 10. d3 {White is slightly better.} (10. e4 $5) 10... h6 11. e3 g5 12. Rc1 c6 13. b5 Nc7 14. bxc6 bxc6 15. a4 Rb8 16. Rb1 Bd7 17. Nd2 Ne6 18. Ba3 Qe7 19. Qc2 g4 20. Rxb8 Rxb8 21. Rb1 Qf8 22. a5 f4 23. Nde4 Nxe4 $1 24. Nxe4 c5 25. Bc1 f3 26. Bf1 Bc6 27. Bd2 Qd8 (27... Bxe4 {keeps more tension.} 28. dxe4 Nc7 29. h4 h5 30. Bd3 Kf7) 28. Rb2 (28. Rxb8 $142 Qxb8 29. Nc3) 28... Rxb2 29. Qxb2 Bf8 30. a6 Be7 31. Nc3 Qc8 32. Nd5 Bd8 33. h3 h5 ({But not} 33... Qxa6 $2 34. Qb8 $18) 34. Qb1 Qxa6 {[#]} (34... Ng5 $16) 35. d4 $1 $18 {[%mdl 512] Black must now prevent Qg6+.} Nf8 (35... cxd4 36. Qg6+) 36. dxc5 {Hoping for Qb8.} dxc5 (36... Qb7 {keeps fighting.} 37. Qxb7 Bxb7) 37. Qf5 Bd7 38. Qxe5 {And now Bc3 would win.} Qg6 $2 (38... Qe6 39. Qb8 (39. Qxh5 Be8 $16) 39... Bf6 40. hxg4 h4 41. Qxa7 Be5) 39. Bc3 (39. Qb8 $142 Qe8 40. Bc3 (40. Qxa7 h4 $18)) 39... Ne6 $2 (39... gxh3 40. Ne7+ Bxe7 41. Qxe7 Be6) 40. h4 Kf7 41. Qd6 Be8 42. Qa6 Qc2 (42... Kf8 $142 43. Bd3 Qxd3 44. Qxe6 Qg6) 43. Qxa7+ Kf8 44. Qa6 Bf7 45. Qd6+ Kg8 46. Qe5 {[%csl Gc3][%cal Re5h8] [#]} Kh7 47. Nf4 {Precision: White = 50%, Black = 26%.} (47. Qh8+ $142 Kg6 48. Nf4+ Nxf4 49. Qg7+ Kf5 50. Qxf7+ Bf6 51. Qxf6+ Ke4 52. Qxf4#) 1-0

[Event "Baltic Zonal II Stage 2018"]
[Site "Palanga"]
[Date "2018.06.14"]
[Round "1"]
[White "Vedrickas, Tautvydas"]
[Black "Kantans, Toms"]
[Result "1-0"]
[WhiteElo "2408"]
[BlackElo "2526"]
[Annotator "TA"]
[PlyCount "71"]
[EventDate "2018.??.??"]
[EventType "swiss"]
[EventCountry "LTU"]
[SourceTitle "playchess.com"]
[Source "ChessBase"]
[SourceQuality "1"]

{[%evp 11,71,36,30,22,5,9,18,15,25,23,26,36,46,18,35,-8,45,41,59,49,51,40,56,31,29,7,43,36,50,43,52,-7,-10,-13,-6,-36,-27,-19,-13,-35,0,-26,0,0,0,-118,-2,0,414,402,333,54,45,51,53,50,820,802,29988,29989,29996,180]} 1. d4 Nf6 2. c4 g6 3. Nc3 d5 4. cxd5 Nxd5 5. e4 Nxc3 6. bxc3 Bg7 7. Bg5 {D85: Exchange Grünfeld: Unusual White 7th moves and lines with 7 Nf3} (7. Nf3 c5 8. Bb5+ Bd7 9. Be2 Qa5 10. Bd2 O-O 11. O-O Qa4 12. Bg5 cxd4 13. cxd4 h6 14. Be3 Rc8 15. Qd2 Rc2 16. Bd1 Rxd2 17. Bxa4 Rb2 18. Bxd7 Nxd7 19. Rfb1 Rb6 20. a4 Rc8 21. a5 Rxb1+ 22. Rxb1 {½-½ (22) Moiseenko,A (2674)-Svidler,P (2760) Germany 2018}) 7... c5 8. Rc1 O-O {[%cal Rc5d4]} 9. d5 {The position is equal.} Nd7 10. Nf3 Nf6 11. Qc2 $146 ({Predecessor:} 11. Bd3 Bg4 12. O-O c4 13. Bb1 h6 14. Be3 e5 {½-½ (58) Stull,N (2164)-Filipovic,S (2263) Luxemburg 2016}) 11... Bd7 12. Be2 Qa5 13. Qb1 b5 (13... h6 $11 14. Bd2 Qc7) 14. O-O $14 c4 15. Ne5 Rfd8 16. f4 Be8 17. Bh4 e6 18. Bf3 Rac8 19. Kh1 exd5 20. exd5 Rd6 21. Bxf6 ({White should play} 21. Rfd1 $14) 21... Bxf6 $11 22. Rfe1 Qa3 23. Re3 a5 24. Rce1 Kg7 25. g4 {[%cal Bg2g4,Bg4g5][%mdl 32]} h6 26. Qc2 Rdd8 27. Qf2 Qc5 28. Qg2 (28. h4 $11 {remains equal.}) 28... g5 (28... Bh4 $17 29. R1e2 b4) 29. h4 gxf4 $2 {[%mdl 8192]} (29... b4 $11 {and Black is okay.}) 30. g5 $1 $18 {[%cal Rg5f6]} hxg5 {[#]} (30... fxe3 31. gxf6+ Kxf6 32. Ng4+ Ke7 33. Nxe3 $18) 31. hxg5 $2 (31. Ng4 $1 $18 {[%cal Rg4f6][%mdl 512]} Bxc3 32. Rxc3) 31... Bxe5 $1 $14 (31... fxe3 $2 {loses.} 32. gxf6+ Kxf6 33. Ng4+ Ke7 34. Nxe3 $18) 32. Rxe5 {Hoping for Qh2.} Bc6 $1 {( -> ...Rh8+)} 33. Qd2 $1 {[%cal Rd2f4]} Rc7 $2 {[%mdl 8192]} (33... Rh8+ $14 34. Kg2 Bd7 35. Qxf4 Qd6) 34. Qxf4 $18 {Strongly threatening Qf6+.} Rxd5 35. Qf6+ Kh7 36. Qh6+ {Precision: White = 39%, Black = 44%.} 1-0